Automatizovaný systém riadenia dopravnej sústavy ČSSR možnosti využitia interaktívnych dialógových režimov práce malých a stredných počítačov v interných a externých podmienkach

Enregistré dans:
Détails bibliographiques
Format: Livre
Langue:slovaque
Publié: Bratislava Vysoká škola ekonomická 1983
Tags: Ajouter un tag
Pas de tags, Soyez le premier à ajouter un tag!

MARC

LEADER 00000nam a2200000 4500
001 c110062
005 20260325115704.6
041 0 |a slo 
044 |a SK 
245 1 0 |a Automatizovaný systém riadenia dopravnej sústavy ČSSR  |b možnosti využitia interaktívnych dialógových režimov práce malých a stredných počítačov v interných a externých podmienkach 
264 1 |a Bratislava  |b Vysoká škola ekonomická  |c 1983 
300 |a 56 s.